| 000 | 00308nam a2200109Ia 4500 | ||
|---|---|---|---|
| 008 | 220120s9999||||xx |||||||||||||| ||und|| | ||
| 100 | _aBalagurusamy, E | ||
| 245 | 0 | _aProgramming ANSIC programming | |
| 260 |
_aTata mcgraw hill company Ltd _bNew Delhi _c2007 |
||
| 300 |
_a693p. _b0 |
||
| 650 | _aCOMPUTER SCIENCE | ||
| 999 |
_c132368 _d132368 |
||